BLUMGART'S SURGERY OF THE LIVER, BILIARY TRACT AND PANCREAS (Record no. 8428)

MARC details
000 -LEADER
fixed length control field 00383nam a22001577a 4500
003 - CONTROL NUMBER IDENTIFIER
control field SGT
020 ## - INTERNATIONAL STANDARD BOOK NUMBER
International Standard Book Number 978-1-4377-1454-8
082 ## - DEWEY DECIMAL CLASSIFICATION NUMBER
Classification number 617, B12J
100 ## - MAIN ENTRY--PERSONAL NAME
Personal name JARNAGIN, WILLIAM R.
245 ## - TITLE STATEMENT
Title BLUMGART'S SURGERY OF THE LIVER, BILIARY TRACT AND PANCREAS
250 ## - EDITION STATEMENT
Edition statement 5TH
260 ## - PUBLICATION, DISTRIBUTION, ETC. (IMPRINT)
Place of publication, distribution, etc PHILADELPHIA ,
Name of publisher, distributor, etc ELSEVIER
Year of Publication 2012
300 ## - PAGE DESCRIPTION
No. of Pages 1844
650 ## - SUBJECT ADDED ENTRY--TOPICAL TERM
Topical term or geographic name as entry element SURGERY
942 ## - ADDED ENTRY ELEMENTS (KOHA)
Source of classification or shelving scheme Dewey Decimal Classification
Koha item type Books
Holdings
Withdrawn status Lost status Source of classification or shelving scheme Damaged status Not for loan Collection code Home library Current library Shelving location Date acquired Vendor Name Cost, normal purchase price Volume Information (Serial or Books or Non-Book Material) SGTU Bill Number Total Checkouts Full call number Accession No. (Barcode) Date last seen Date last borrowed Bill Date Koha item type
    Dewey Decimal Classification     MEDICAL SGT Medical Library SGT Medical Library Record Book 15/03/2016 AHUJA BOOK COMPANY 34825.00 I SGTU 5978 5 617, B12J FM7471 26/08/2021 28/07/2021 14/08/2015 Books
    Dewey Decimal Classification     MEDICAL SGT Medical Library SGT Medical Library Record Book 15/03/2016 AHUJA BOOK COMPANY   II SGTU 5978   617, B12J FM7472 03/03/2020   14/08/2015 Books